Personajes de Demon Slayer por imágenes - Estadísticas

Estadísticas generales
  • Esta prueba ha sido intentada 125 veces
  • La puntuación promedio es 19 de 34
Estadísticas de respuestas
Imagen Respuesta % Correcto
Tanjiro
100%
Inosuke
94%
Nezuko
92%
Zenitsu
89%
Rengoku
88%
Muzan
84%
Shinobu
82%
Mitsuri
79%
Tokito
79%
Giyū
78%
Genya
76%
Tengen Uzui
76%
Akaza
75%
Kanao
71%
Sanemi
71%
Gyomei
61%
Kanae
56%
Obanai Iguro
56%
Sabito
54%
Sakonji Urokodaki
44%
Aoi
43%
Gyokko
39%
Kaigaku
39%
Enmu
36%
Hantengu
36%
Kagaya
32%
Makio
27%
Suma
26%
Amane
25%
Hinatsuru
24%
Hotaru
18%
Jigoro
14%
Kiriya
14%
Kanata
11%
No se encontraron pruebas coincidentes
Distribución de puntuación
Porcentaje de gente con cada puntuación
Porcentaje por número respondido
Historial de tus puntuaciones
No has intentado esta prueba.